Ichapatra will ani grahak saurakshan kayada (Record no. 91916)

MARC details
000 -LEADER
fixed length control field 00443nam a2200169Ia 4500
008 - FIXED-LENGTH DATA ELEMENTS--GENERAL INFORMATION
fixed length control field 230125s9999 xx 000 0 und d
041 ## - LANGUAGE CODE
Language code of text/sound track or separate title eng
082 ## - DEWEY DECIMAL CLASSIFICATION NUMBER
Classification number 343.071
Item number BEN
100 ## - MAIN ENTRY--PERSONAL NAME
Personal name Bendre D
9 (RLIN) 114502
245 ## - TITLE STATEMENT
Title Ichapatra will ani grahak saurakshan kayada
260 ## - PUBLICATION, DISTRIBUTION, ETC. (IMPRINT)
Date of publication, distribution, etc. 2003
Name of publisher, distributor, etc. Shah Ramanbhai
Place of publication, distribution, etc. Pune
300 ## - PHYSICAL DESCRIPTION
Extent 32p
500 ## - GENERAL NOTE
Keywords Consumer protection act;Bare Acts
650 ## - SUBJECT ADDED ENTRY--TOPICAL TERM
Topical term or geographic name as entry element Law
700 ## - ADDED ENTRY--PERSONAL NAME
Personal name Bendre D
9 (RLIN) 114502
Holdings
Withdrawn status Lost status Damaged status Not for loan Home library Current library Date acquired Vendor Full call number Barcode Date last seen Bill Date Koha item type Original Barcode
        Smt. Hiraben Nanavati Institute of Management & Research for Women Smt. Hiraben Nanavati Institute of Management & Research for Women 10/02/2004 Satya Gilani 343.071 BEN DB0845 HIMR-DB-845 25/01/2023 10/02/2004 Donated Book DB0845